000
00360nam a2200145Ia 4500
008
231129s1981||||xx |||||||||||||| ||spa||
020
_a
84-02-07914-8
040
_b
spa
082
_a
I823 D314h
100
_a
Defoe Daniel
245
0
_a
Historias de piratas
260
_c
1981
264
_a
Bruguera
942
_2
ddc
_c
BKS
999
_c
15377
_d
15377